000 00445nam a22001217a 4500
999 _c20299
_d20299
008 240516b ||||| |||| 00| 0 eng d
082 _22010
_aDFil 330.9599005
_bSc4
245 _aSPEI :
_bselected Philippine economic indicators January 2010 /
260 _aPhilippines :
_bBangko Sentral ng Pilipinas,
_c©2010.
300 _axxiv, 202 pages ;
_billustrations ;
_c30 cm.
650 _aPhilippines
_xEconomic conditions.
_957197
942 _2ddc
_cDFIL